000 02455nam a22004095i 4500
001 978-3-031-51667-2
003 DE-He213
005 20250131131505.0
007 cr nn 008mamaa
008 240125s2024 sz | s |||| 0|eng d
020 _a9783031516672
_9978-3-031-51667-2
024 7 _a10.1007/978-3-031-51667-2
_2doi
040 _aKO
_beng
041 0 _aeng
082 0 4 _a623.8
_223
100 1 _aKarkori, Fidaa.
_eauthor.
_0(orcid)0009-0005-5299-3782
_1https://orcid.org/0009-0005-5299-3782
_4aut
_4http://id.loc.gov/vocabulary/relators/aut
245 1 0 _aShip Sanitation, Health and Hygiene
_h[electronic resource] :
_bAn Approach to Better Welfare for Modern Seafarers /
_cby Fidaa Karkori.
250 _a1st ed. 2024.
264 1 _aCham :
_bSpringer Nature Switzerland :
_bImprint: Springer,
_c2024.
300 _aXXXIII, 381 p. 63 illus., 58 illus. in color.
_bonline resource.
338 _aonline resource
490 1 _aSynthesis Lectures on Ocean Systems Engineering,
_x2692-4471
505 0 _aPart 1: Context of Health and Safety in the Maritime Environment -- General duties and responsibilities for crew safety, health and welfare on ships -- Health and safety and the maritime environment -- Shipboard emergencies and emergency equipment -- Health and safety during the carriage of dangerous goods -- Means of access, safe movement, and enclosed spaces -- Manual handling, tools, and deck maintenance -- Working in dangerous conditions -- Part 2: Healthy Living at Sea -- Importance of good health and hygiene on ships -- Water management practices for ships -- Water safety planning.
520 _aThis book has been written to account for improvements in the regulatory regime for shipboard health, safety and welfare. It considers the various regulations and statutory requirements for sanitation, the provision of potable and non-drinkable water, food and provisions, disease and infectious transfer, management of vectors and general health and safety onboard modern merchant and cruise ships.
650 0 _aMarine engineering.
650 0 _aOccupational health services.
650 0 _aShipping.
650 1 4 _aMarine Engineering.
650 2 4 _aOccupational Health.
650 2 4 _aMaritime Economics.
830 0 _aSynthesis Lectures on Ocean Systems Engineering,
_x2692-4471
856 4 0 _uhttps://doi.org/10.1007/978-3-031-51667-2
904 _aRUDRA_R
905 _aR_RANJAN
942 _2ddc
_cEB
999 _c3208
_d3208